[Event "Barcelona La Lira Spring op 1st"]
[Site "Barcelona"]
[Date "2008.04.03"]
[Round "1.26"]
[White "Cordero Facundez, Julio Jonatan"]
[Black "Langer, Christian1111"]
[Result "0-1"]
[WhiteElo "1700"]
[BlackElo "1825"]
[PlyCount "58"]
[EventDate "2008.04.03"]
[EventType "swiss"]
[EventRounds "8"]
[EventCountry "ESP"]
[SourceTitle "EXT 2024"]
[Source "ChessBase"]
[SourceDate "2023.10.10"]
[SourceVersion "1"]
[SourceVersionDate "2023.10.10"]
[SourceQuality "1"]

1. e4 c5 2. Nf3 a6 3. d4 cxd4 4. Nxd4 Nf6 5. Nc3 e5 6. Nb3 Bb4 7. Qf3 d5 8. Bd2 Bxc3 9. Qxc3 0-0 10. 0-0-0 Nxe4 11. Qe3 Nc6 12. f3 Nxd2 13. Qxd2 d4 14. Bd3 Qb6 15. a3 Be6 16. Na1 Rac8 17. Be4 f5 18. Bxc6 Qxc6 19. Kb1 Qd5 20. b3 Rc3 21. Rc1 a5 22. a4 b5 23. axb5 a4 24. Kb2 Qxb5 25. Qd1 Ra8 26. Rb1 Rcc8 27. Rc1 Qb4 28. Rf1 axb3 29. cxb3 Rxc1 0-1